000 00320nam a22001457a 4500
008 221108b ||||| |||| 00| 0 eng d
020 _a9780875801940
041 _aeng
080 _a159.9
082 _a159.9 VOL
100 _a25
101 _aPSI
245 _aTHE SUPERNATURAL SUBLIME
_cVOLLER J
942 _2udc
_cBK
999 _c58783
_d58783